| 000 | 00495cam a2200181ua 4500 | ||
|---|---|---|---|
| 003 | OSt | ||
| 008 | 250405b |||||||| |||| 00| 0 eng d | ||
| 020 | _a81-239-0509-2 | ||
| 041 | _aeng | ||
| 082 |
_a624.151 _bALA/SO |
||
| 100 |
_aAlam, Singh . _97376 |
||
| 245 | _aSoil engineering in theory and practice, Vol 3 / | ||
| 250 | _a1 / | ||
| 260 |
_aNew Delhi : _bC B S Publishers & Distributers , _c1997. |
||
| 300 |
_a262 : _b506 ; . |
||
| 700 | 1 |
_aChowdhary, G R . _97387 |
|
| 942 | _cBK | ||
| 999 |
_c10543 _d10543 |
||